000 00799nam a22001937i 4500
999 _c23314
_d23314
003 AR-CdUCM
008 250715b20182018 pe||||| |||| 00| 0 spa d
040 _aMUNICIPALIDAD PROVINCIAL DEL CUSCO
_cBIBLIOTECA MUNICIPAL DEL CUSCO
041 _hspa
082 _a779.08541 / D68
_bD68
100 _aDíaz, Emilio
_951221
245 _aEsplendor del retrato fotográfico en Arequipa 1893-1920
260 _aArequipa :
_bCentro Cultural Peruano Norteamericano
_c2018
300 _a48 páginas. :
_bIlustraciones
_c25x30 cm.
505 _aFotos blanco y negro
650 _aRetratos en blanco y negro
_951222
942 _2ddc
_cLIBROS
945 _apbjr
_d15-07-2025